¿Qué pasa con la sanidad? / (Registro nro. 38208)
[ vista simple ]
| 000 -CABECERA | |
|---|---|
| campo de control de longitud fija | 00716nam a2200217 a 4500 |
| 001 - NÚMERO DE CONTROL | |
| campo de control | 000038718 |
| 005 - FECHA Y HORA DE LA ÚLTIMA TRANSACCIÓN | |
| campo de control | 20201002031340.0 |
| 008 - DATOS DE LONGITUD FIJA--INFORMACIÓN GENERAL | |
| campo de control de longitud fija | 130419s1979 sp ac 000 0 spa d |
| 020 ## - NÚMERO INTERNACIONAL ESTÁNDAR DEL LIBRO | |
| Número Internacional Estándar del Libro | 8429714979 |
| 040 ## - FUENTE DE LA CATALOGACIÓN | |
| Centro catalogador/agencia de origen | DO-SdBNP |
| Lengua de catalogación | spa |
| Centro/agencia transcriptor | BNPHU |
| 245 00 - MENCIÓN DE TÍTULO | |
| Título | ¿Qué pasa con la sanidad? / |
| Mención de responsabilidad, etc. | prólogo J. Artigas, J. Martí, H. Pardell. |
| 260 ## - PUBLICACIÓN, DISTRIBUCIÓN, ETC. | |
| Lugar de publicación, distribución, etc. | Barcelona : |
| Nombre del editor, distribuidor, etc. | Serveis de Cultura Popular, |
| Fecha de publicación, distribución, etc. | 1979. |
| 300 ## - DESCRIPCIÓN FÍSICA | |
| Extensión | 96 p. : |
| Otras características físicas | ils., retrs. ; |
| Dimensiones | 23 cm. |
| 490 1# - MENCIÓN DE SERIE | |
| Mención de serie | La Rambla |
| Designación de volumen o secuencia | no. 8 |
| 500 ## - NOTA GENERAL | |
| Nota general | Incluye notas al pie de las páginas |
| 504 ## - NOTA DE BIBLIOGRAFÍA, ETC. | |
| Nota de bibliografía, etc. | Bibliografía : p. 95 |
| 700 1# - PUNTO DE ACCESO ADICIONAL--NOMBRE DE PERSONA | |
| Nombre de persona | Artigas, J., |
| Término indicativo de función/relación | pról. |
| 9 (RLIN) | 65025 |
| 700 1# - PUNTO DE ACCESO ADICIONAL--NOMBRE DE PERSONA | |
| Nombre de persona | Martí, J., |
| Término indicativo de función/relación | pról. |
| 9 (RLIN) | 65026 |
| 700 1# - PUNTO DE ACCESO ADICIONAL--NOMBRE DE PERSONA | |
| Nombre de persona | Pardel, H., |
| Término indicativo de función/relación | pról. |
| 9 (RLIN) | 65027 |
| 830 #0 - PUNTO DE ACCESO ADICIONAL DE SERIE-TÍTULO UNIFORME | |
| Título uniforme | La Rambla |
| Número de parte o sección de la obra | 8 |
| 9 (RLIN) | 65028 |
| Estado de retiro | Estado de pérdida | Restricciones de uso | No para préstamo | Código de colección | Localización permanente | Ubicación/localización actual | Ubicación en estantería | Fecha de adquisición | Número de inventario | Total de préstamos | Signatura topográfica completa | Código de barras | Fecha visto por última vez | Precio válido a partir de | Tipo de ítem Koha |
|---|---|---|---|---|---|---|---|---|---|---|---|---|---|---|---|
| Excluido de préstamo | Monografías: Libros y Folletos | General | General | En catalogación | 19.04.2013 | LF1 | 38718-10 | 25.06.2020 | 25.06.2020 | No se presta |
